000 00695cam a22002414a 4500
999 _c140924
_d140924
003 UPN
005 20210928184136.0
008 090205s2006 es r 000 j spa d
020 _a997807970X (10 Dígitos)
020 _a9789978079706 (13 Dígitos)
035 _aUPN01000168818
040 _aUPN
_bspa
_cUPN
049 _aCG
050 4 _aPQ8220.28 O3.7
_bD4.4
100 1 _aRodríguez, Marco Antonio,
_943396
_d1941-
245 1 3 _aUn delfín y la luna /
_cMarco Antonio Rodríguez ; pról. Francisco Febres Cordero.
260 _aMadrid :
_bAlfaguara,
_c2006.
300 _a157 p.
490 0 _aRoja
650 4 _917247
_aCUENTOS ECUATORIANOS
905 _aLibro
942 _2lcc
_cLIBRO